00731 2200217 4500001002100000005001700021008004100038035002400079040001200103082001100115090002000126100001700146245009700163260010500260300004300365500002700408504002500435650002300460850001200483990001800495YOGYA-0113000000197820130131141859.0 ind  0010-011300000001978 aYOPDYOG a621.32 aSK 621.32 Eti A aETI SISWANTI aAnalisis rumah tangga terhadap pemakaian jasa listrik tahun 1996/cdisusun oleh Eti Siswanti ayogyakarta:bsekolah tinggi ilmu ekonomi kerjasama jurusan ilmu ekonomi dan studi pembangunan,c1997 aviii,77,(11)lbr.:bilus.,lamp.;c29 cm askripsi STIE kerjasama abibliografi : lbr.77 alistrik,penerangan aYOPDYOG a43041-PD/A-12